000 00251nam a22001217a 4500
082 _a425
_bRAI/H
100 _aRAI,AJAY
245 _aHOW TO ACHIEVE
260 _aDELHI
_bORIENT PAPERBACKS
300 _a175
650 _aWORD POWER
_zDELHI
942 _cBK
999 _c4093
_d4093